Normal view
MARC view
Entry Personal Name
001 - CONTROL NUMBER
- control field: 928
003 - CONTROL NUMBER IDENTIFIER
- control field: BD-RjUL
005 - DATE AND TIME OF LATEST TRANSACTION
- control field: 20220127104032.0
008 - FIXED-LENGTH DATA ELEMENTS
- fixed length control field: 220127|| aca||aabn | a|a d
040 ## - CATALOGING SOURCE
- Original cataloging agency: BD-RjUL
- Transcribing agency: BD-RjUL
100 ## - HEADING--PERSONAL NAME
- Personal name: তালুকদার, আবদুল মতিন, তত্ত্বাবধায়ক
670 ## - SOURCE DATA FOUND
- Source citation: Work cat.: (BD-RjUL)79261: দেব, পিন্টু চন্দ্র 925, বয়নশিল্প :, ২০১৪